|
|
|
|
| LEADER |
02562nam a22004695i 4500 |
| 001 |
978-0-85729-742-6 |
| 003 |
DE-He213 |
| 005 |
20151204162330.0 |
| 007 |
cr nn 008mamaa |
| 008 |
110624s2011 xxk| s |||| 0|eng d |
| 020 |
|
|
|a 9780857297426
|9 978-0-85729-742-6
|
| 024 |
7 |
|
|a 10.1007/978-0-85729-742-6
|2 doi
|
| 040 |
|
|
|d GrThAP
|
| 050 |
|
4 |
|a TJ807-830
|
| 072 |
|
7 |
|a THX
|2 bicssc
|
| 072 |
|
7 |
|a SCI024000
|2 bisacsh
|
| 082 |
0 |
4 |
|a 621.042
|2 23
|
| 100 |
1 |
|
|a Yuan, Weijia.
|e author.
|
| 245 |
1 |
0 |
|a Second-Generation High-Temperature Superconducting Coils and Their Applications for Energy Storage
|h [electronic resource] /
|c by Weijia Yuan.
|
| 264 |
|
1 |
|a London :
|b Springer London,
|c 2011.
|
| 300 |
|
|
|a XXIV, 176 p. 169 illus., 62 illus. in color.
|b online resource.
|
| 336 |
|
|
|a text
|b txt
|2 rdacontent
|
| 337 |
|
|
|a computer
|b c
|2 rdamedia
|
| 338 |
|
|
|a online resource
|b cr
|2 rdacarrier
|
| 347 |
|
|
|a text file
|b PDF
|2 rda
|
| 490 |
1 |
|
|a Springer Theses
|
| 505 |
0 |
|
|a 1. Introduction -- 2. Background of Superconductors -- 3. Development of SMES Systems -- 4. Coil Design -- 5. Modelling of Superconducting Pancake Coil -- 6. Coil Tests and Applications for SMES -- 7. Conclusions.
|
| 520 |
|
|
|a Second-Generation High-Temperature Superconducting Coils and Their Applications for Energy Storage addresses the practical electric power applications of high-temperature superconductors. It validates the concept of a prototype energy storage system using newly available 2G HTS conductors by investigating the process of building a complete system from the initial design to the final experiment. It begins with a clear introduction of the related background and then presents a comprehensive design of a superconducting energy storage system that can store maximum energy using a limited length of superconductors. The author has created a modeling environment for analysis of the system and also presents experimental results that are highly consistent with his theoretical calculations.
|
| 650 |
|
0 |
|a Engineering.
|
| 650 |
|
0 |
|a Renewable energy resources.
|
| 650 |
|
0 |
|a Renewable energy sources.
|
| 650 |
|
0 |
|a Alternate energy sources.
|
| 650 |
|
0 |
|a Green energy industries.
|
| 650 |
1 |
4 |
|a Engineering.
|
| 650 |
2 |
4 |
|a Renewable and Green Energy.
|
| 710 |
2 |
|
|a SpringerLink (Online service)
|
| 773 |
0 |
|
|t Springer eBooks
|
| 776 |
0 |
8 |
|i Printed edition:
|z 9780857297419
|
| 830 |
|
0 |
|a Springer Theses
|
| 856 |
4 |
0 |
|u http://dx.doi.org/10.1007/978-0-85729-742-6
|z Full Text via HEAL-Link
|
| 912 |
|
|
|a ZDB-2-ENG
|
| 950 |
|
|
|a Engineering (Springer-11647)
|